|
|
|
|
| LEADER |
00000nam a22000007a 4500 |
| 005 |
20130215105603.0 |
| 007 |
cr|||| |||| |
| 008 |
130215e2011 it |||||s|||| 00| 0 ita d |
| 020 |
|
|
|a 8866110361
|
| 035 |
|
|
|a 6799
|
| 040 |
|
|
|a vLex
|
| 090 |
|
|
|c 3649
|d 3649
|
| 100 |
1 |
0 |
|a Martino, Roberto
|
| 245 |
1 |
0 |
|a Materiali e commenti sulla mediazione civile e commerciale
|h [Recurso electrn̤ico]
|
| 256 |
|
|
|a Servicio en ln̕ea
|
| 260 |
|
|
|a Bari :
|b Cacucci Editore,
|c 2011
|
| 300 |
|
|
|a 1 Recurso electrn̤ico
|
| 650 |
0 |
4 |
|a Procedimiento civil
|z Italia
|
| 650 |
0 |
4 |
|a Procedimiento mercantil
|z Italia
|
| 740 |
|
|
|a vLex Libros (Servicio en ln̕ea)
|
| 856 |
|
|
|a Acceso restringido
|u http://www.vlex.com/source/6799
|
| 942 |
|
|
|c BOOK
|
| 999 |
|
0 |
|a Civil procedure
|